|
|
|
|
| LEADER |
00000nam0a2200000 4500 |
| 001 |
296543 |
| 005 |
20231102000921.0 |
| 020 |
|
|
|a RU
|b 84-72079
|
| 035 |
|
|
|a (RuTPU)RU\TPU\book\321651
|
| 090 |
|
|
|a 296543
|
| 100 |
|
|
|a 20150601d1984 km y0rusy5003 ca
|
| 101 |
0 |
|
|a rus
|
| 102 |
|
|
|a RU
|
| 105 |
|
|
|a a z 001zy
|
| 200 |
1 |
|
|a Нижнедевонские и эйфельские атрипиды восточного склона Урала
|f Л. И. Мизенс
|g Академия наук СССР (АН СССР), Уральский филиал (УФ), Институт геологии и геохимии (ИГГ) ; под ред. В. П. Сапельникова
|
| 210 |
|
|
|a Москва
|c Наука
|d 1984
|
| 215 |
|
|
|a 112 с.
|c ил., 8 л. ил.
|
| 320 |
|
|
|a Библиогр.: с. 100-106
|
| 606 |
1 |
|
|a Брахиоподы
|x Систематика
|2 stltpush
|3 (RuTPU)RU\TPU\subj\30133
|9 53291
|
| 610 |
1 |
|
|a девон
|
| 610 |
1 |
|
|a Урал
|
| 610 |
1 |
|
|a атрипиды
|
| 610 |
1 |
|
|a биостратиграфия
|
| 610 |
1 |
|
|a систематика
|
| 610 |
1 |
|
|a фаунистические остатки
|
| 675 |
|
|
|a 564.8
|z rus
|v 3
|
| 700 |
|
1 |
|a Мизенс
|b Л. И.
|g Лариса Ивановна
|4 070
|
| 702 |
|
1 |
|a Сапельников
|b В. П.
|4 340
|
| 712 |
0 |
2 |
|a Академия наук СССР (АН СССР)
|b Уральский филиал (УФ)
|b Институт геологии и геохимии (ИГГ)
|c (Свердловск)
|2 stltpush
|3 (RuTPU)RU\TPU\col\13849
|
| 801 |
|
0 |
|a RU
|b RuMRKP
|c 19950704
|g psbo
|
| 801 |
|
1 |
|a RU
|b 63413507
|c 20150601
|
| 801 |
|
2 |
|a RU
|b 63413507
|c 20180525
|g RCR
|
| 942 |
|
|
|c BK
|